[Event "Quebec op U1400"]
[Site "Laval CAN"]
[Date "2022.09.02"]
[Round "2.75"]
[White "Rauch, Damian"]
[Black "Poulin, Roxane"]
[Result "1-0"]
[WhiteElo "1344"]
[BlackElo "1276"]
[PlyCount "45"]
[EventDate "2022.09.01"]
[EventType "swiss"]
[EventRounds "9"]
[EventCountry "CAN"]

1. e4 e5 2. Nc3 Nc6 3. Bc4 Nf6 4. d3 Bc5 5. f4 d6 6. Nf3 Be6 7. Bb3 Qe7 8. Na4
Bxb3 9. axb3 O-O 10. Nxc5 dxc5 11. O-O Rfd8 12. Qe1 exf4 13. Bxf4 Nb4 14. Qe2
Nh5 15. Bg5 f6 16. Be3 Qd6 17. Nh4 g5 18. Rf2 Nc6 19. Raf1 Nd4 20. Qg4 Qe6 21.
Nf5 b6 22. Bxd4 cxd4 23. Nh6+ 1-0

[Event "Quebec op U1400"]
[Site "Laval CAN"]
[Date "2022.09.02"]
[Round "2.76"]
[White "Adam, Sebastien"]
[Black "Ivanov, Yuan Maksin"]
[Result "1-0"]
[WhiteElo "1322"]
[BlackElo "1020"]
[PlyCount "57"]
[EventDate "2022.09.01"]
[EventType "swiss"]
[EventRounds "9"]
[EventCountry "CAN"]

1. e4 e5 2. Nf3 Nc6 3. Bc4 Bc5 4. b4 Bxb4 5. c3 Ba5 6. d4 exd4 7. Qb3 dxc3 8.
Bxf7+ Kf8 9. Ba3+ d6 10. O-O Qf6 11. Bxg8 Rxg8 12. Rc1 Nd4 13. Nxd4 Qxd4 14.
Nxc3 Bg4 15. Nb5 Qf6 16. Bb2 Qf4 17. Nxc7 Qf7 18. Nb5 Qxb3 19. axb3 Ke7 20.
Rxa5 Rac8 21. Rxc8 Rxc8 22. Nc3 Be6 23. Rxa7 Rc7 24. b4 Rc4 25. Rxb7+ Kd8 26.
f3 Bc8 27. Rb6 Kc7 28. Nd5+ Kd7 29. Bxg7 1-0

[Event "Quebec op U1400"]
[Site "Laval CAN"]
[Date "2022.09.02"]
[Round "2.77"]
[White "Soskic, Milan"]
[Black "Imbeault, Marc"]
[Result "1/2-1/2"]
[WhiteElo "1306"]
[BlackElo "1226"]
[PlyCount "80"]
[EventDate "2022.09.01"]
[EventType "swiss"]
[EventRounds "9"]
[EventCountry "CAN"]

1. d4 d5 2. Nf3 e6 3. e3 Nf6 4. Bd3 c5 5. b3 Nc6 6. Bb2 Be7 7. O-O O-O 8. Nbd2
Qc7 9. Ne5 Nb4 10. a3 Nxd3 11. cxd3 Bd7 12. f4 Rac8 13. Rc1 Qb6 14. dxc5 Bxc5
15. d4 Bd6 16. Nxd7 Nxd7 17. Rxc8 Rxc8 18. Qb1 Nf6 19. Rc1 Rc6 20. b4 Ne4 21.
Nxe4 dxe4 22. Qxe4 Rxc1+ 23. Bxc1 h6 24. Kf2 Qc7 25. Bb2 b5 26. g3 a6 27. Qb1
f5 28. Qd3 g6 29. Qb1 Qc4 30. Qc1 Qxc1 31. Bxc1 Kf7 32. Kf3 Bc7 33. e4 Bb6 34.
Be3 Ke7 35. e5 Kd7 36. Ke2 Bc7 37. Kd3 Kc6 38. Bf2 Kd5 39. Be3 Bb6 40. Bf2 Ba7
1/2-1/2

[Event "Quebec op U1400"]
[Site "Laval CAN"]
[Date "2022.09.02"]
[Round "2.78"]
[White "Chanot, Frederic"]
[Black "Cloutier, Stephane"]
[Result "0-1"]
[WhiteElo "1205"]
[BlackElo "1319"]
[PlyCount "84"]
[EventDate "2022.09.01"]
[EventType "swiss"]
[EventRounds "9"]
[EventCountry "CAN"]

1. e4 e5 2. Nf3 Nc6 3. Bc4 Bc5 4. Nc3 d6 5. d3 Nf6 6. O-O Bg4 7. Na4 Nd4 8.
Nxc5 dxc5 9. Bxf7+ Kxf7 10. Nxe5+ Kg8 11. Nxg4 Nxg4 12. Qxg4 Nxc2 13. Bh6 Qf6
14. Bg5 Qg6 15. Rac1 h6 16. Rxc2 hxg5 17. Rxc5 Qd6 18. e5 Qxc5 19. Qxg5 Re8 20.
Re1 Rh6 21. Qe3 Qxe3 22. Rxe3 Rc6 23. f4 Rc2 24. b4 Rxa2 25. e6 Rb2 26. Re4 Rb3
27. g4 Rxd3 28. Kf2 Rd2+ 29. Kg3 Rc2 30. f5 c5 31. bxc5 Rxc5 32. Kf4 b5 33. Kg5
a5 34. Kg6 b4 35. Rd4 Rc7 36. h4 b3 37. Ra4 b2 38. Rxa5 b1=Q 39. g5 Rc6 40. Kh5
Qd1+ 41. Kg6 Qd3 42. Re5 Rcxe6+ 0-1

[Event "Quebec op U1400"]
[Site "Laval CAN"]
[Date "2022.09.02"]
[Round "2.79"]
[White "Fallet, Maurice"]
[Black "Maurice, Mathieu"]
[Result "0-1"]
[WhiteElo "1224"]
[BlackElo "1287"]
[PlyCount "144"]
[EventDate "2022.09.01"]
[EventType "swiss"]
[EventRounds "9"]
[EventCountry "CAN"]

1. e4 c5 2. Nf3 e6 3. c3 Nc6 4. d4 cxd4 5. cxd4 d6 6. Nc3 Nf6 7. Be3 a6 8. Bd3
Be7 9. O-O O-O 10. h3 Nb4 11. Be2 d5 12. e5 Ne8 13. a3 Nc6 14. Bd3 f5 15. Rc1
Bd7 16. Bb1 Na5 17. Rc2 Nc4 18. Qe2 Rc8 19. Ne1 Nxe3 20. fxe3 g6 21. Nd3 Ng7
22. Nf4 b5 23. Rfc1 Bg5 24. Qf2 Qb6 25. Ba2 Qb7 26. Ncxd5 Rxc2 27. Rxc2 Bc6 28.
Nb4 Bd7 29. Qd2 a5 30. Nbd3 Qb6 31. Nc5 Bc8 32. Qc1 Rd8 33. Kf1 Bxf4 34. exf4
Rxd4 35. g3 Kf7 36. Nb3 Rc4 37. Rxc4 bxc4 38. Nd2 Qe3 39. Bxc4 Qxg3 40. Nb3
Qxh3+ 41. Ke1 Qg3+ 42. Kd1 Qg1+ 43. Kd2 Qxc1+ 44. Nxc1 Bb7 45. b4 axb4 46. axb4
Ne8 47. Nd3 Nc7 48. Nc5 Bd5 49. Be2 Bc6 50. Bc4 h6 51. Ke2 g5 52. fxg5 hxg5 53.
Kf2 Bd5 54. Be2 Ke7 55. b5 Na8 56. Bf1 Nb6 57. Ke3 Bc4 58. Bxc4 Nxc4+ 59. Kd4
Nb6 60. Nd3 Kd7 61. Kc5 Kc7 62. Kb4 Nd5+ 63. Kc5 f4 64. Nf2 Nb6 65. Ng4 Nd7+
66. Kb4 Kb6 67. Kc4 Nc5 68. Nf2 Nd7 69. Ng4 Nf8 70. Nf2 Ng6 71. Ng4 Nh4 72. Nf2
Nf5 0-1

[Event "Quebec op U1400"]
[Site "Laval CAN"]
[Date "2022.09.02"]
[Round "2.80"]
[White "Couture, Francois"]
[Black "Mickelson, Jonah"]
[Result "0-1"]
[WhiteElo "1246"]
[BlackElo "1160"]
[PlyCount "88"]
[EventDate "2022.09.01"]
[EventType "swiss"]
[EventRounds "9"]
[EventCountry "CAN"]

1. d4 d5 2. c4 e6 3. Nf3 Nf6 4. Nc3 Be7 5. cxd5 exd5 6. e3 O-O 7. Bd3 c6 8. O-O
Nbd7 9. Re1 Nb6 10. b3 Bb4 11. Bb2 Bg4 12. a3 Bd6 13. Be2 Qc7 14. Qc2 Bxf3 15.
Bxf3 Bxh2+ 16. Kf1 Bd6 17. Rac1 Rac8 18. e4 dxe4 19. Nxe4 Nbd5 20. Nxf6+ Nxf6
21. Qd3 Qb8 22. Qf5 Rcd8 23. d5 Nxd5 24. Bxd5 Bxa3 25. Be5 Rxd5 26. Rcd1 Qd8
27. Rxd5 Qxd5 28. Qg4 g6 29. Qf4 Qd3+ 30. Kg1 Qf5 31. Qa4 Bc5 32. Bg3 Bb6 33.
Re7 Rd8 34. b4 Qg5 35. Rxb7 Qh5 36. Rb8 Rxb8 37. Bxb8 Qb5 38. Qb3 Bxf2+ 39.
Kxf2 Qxb8 40. Kf3 Qb7 41. Qc3 c5+ 42. Kg4 Qxb4+ 43. Qxb4 cxb4 44. Kf3 b3 0-1

[Event "Quebec op U1400"]
[Site "Laval CAN"]
[Date "2022.09.02"]
[Round "3.74"]
[White "Adam, Sebastien"]
[Black "Rauch, Damian"]
[Result "0-1"]
[WhiteElo "1322"]
[BlackElo "1344"]
[PlyCount "74"]
[EventDate "2022.09.01"]
[EventType "swiss"]
[EventRounds "9"]
[EventCountry "CAN"]

1. e4 e5 2. Nf3 Nf6 3. Nxe5 d6 4. Nf3 Nxe4 5. d4 d5 6. Bd3 Bd6 7. O-O O-O 8.
Re1 f5 9. c4 c6 10. Qb3 a5 11. cxd5 a4 12. Qc4 b5 13. Qc2 cxd5 14. Bxb5 Bd7 15.
Bf1 Nc6 16. a3 Qf6 17. Bb5 Nb4 18. axb4 Bxb5 19. Nc3 Rac8 20. Qd1 Nxc3 21. bxc3
Rxc3 22. Bg5 Qg6 23. Bd2 Rcc8 24. Ra3 Rfe8 25. Ne5 Bxe5 26. dxe5 Rc4 27. Rg3
Qe6 28. Qh5 Re4 29. Rxe4 dxe4 30. Bh6 g6 31. Bf4 a3 32. Qd1 a2 33. Ra3 Qc4 34.
Qa1 Rd8 35. Rxa2 Qxb4 36. Ra8 Qe7 37. Ra7 Qxa7 0-1

[Event "Quebec op U1400"]
[Site "Laval CAN"]
[Date "2022.09.02"]
[Round "3.75"]
[White "Ouimet, Alain"]
[Black "Guillemette, Thomas"]
[Result "0-1"]
[WhiteElo "1225"]
[BlackElo "1307"]
[PlyCount "102"]
[EventDate "2022.09.01"]
[EventType "swiss"]
[EventRounds "9"]
[EventCountry "CAN"]

1. e4 c5 2. Nf3 d6 3. Bb5+ Bd7 4. Bc4 Nf6 5. e5 dxe5 6. Nxe5 e6 7. c3 Nc6 8. d4
cxd4 9. cxd4 Nxe5 10. dxe5 Qa5+ 11. Nc3 Qxe5+ 12. Be3 Bc5 13. Qd2 Ng4 14. O-O-O
Bxe3 15. fxe3 Qxe3 16. h3 Qxd2+ 17. Rxd2 Ne5 18. Bb3 Rd8 19. Re1 Nc6 20. Kb1
O-O 21. a3 e5 22. Kc1 Nd4 23. Ba2 Be6 24. Bxe6 fxe6 25. Kb1 Nc6 26. Rde2 Rf5
27. Ne4 Rdf8 28. Nc5 Rf1 29. Nxe6 Rxe1+ 30. Rxe1 Rf2 31. Rg1 e4 32. Re1 Rxg2
33. Rxe4 Rh2 34. Ng5 g6 35. Re8+ Kg7 36. Re3 Kh6 37. Ne6 Kh5 38. Rd3 Kh4 39.
Rd7 h5 40. Nf4 g5 41. Ng6+ Kxh3 42. Rxb7 g4 43. Rb3+ g3 44. Nf4+ Kg4 45. Nd5 g2
46. Ne3+ Kf4 47. Nd5+ Ke4 48. Nf6+ Ke5 49. Rf3 Ke6 50. Nh7 g1=Q+ 51. Ka2 Rxb2+
0-1

[Event "Quebec op U1400"]
[Site "Laval CAN"]
[Date "2022.09.02"]
[Round "3.76"]
[White "Laramee-Lamoureux, Mickael"]
[Black "Normand, Louis"]
[Result "1-0"]
[WhiteElo "1374"]
[BlackElo "1271"]
[PlyCount "29"]
[EventDate "2022.09.01"]
[EventType "swiss"]
[EventRounds "9"]
[EventCountry "CAN"]

1. d4 Nf6 2. c4 c5 3. Nc3 cxd4 4. Qxd4 Nc6 5. Qh4 d6 6. Bg5 Qb6 7. O-O-O h6 8.
Bxf6 gxf6 9. Nd5 Qa5 10. Rd3 Qe1+ 11. Rd1 Qa5 12. Kb1 Bg7 13. Nf3 Bd7 14. Qh5
Nb4 15. Nxf6+ 1-0

[Event "Quebec op U1400"]
[Site "Laval CAN"]
[Date "2022.09.02"]
[Round "3.77"]
[White "Cloutier, Stephane"]
[Black "Michel, Andie"]
[Result "1-0"]
[WhiteElo "1319"]
[BlackElo "1239"]
[PlyCount "111"]
[EventDate "2022.09.01"]
[EventType "swiss"]
[EventRounds "9"]
[EventCountry "CAN"]

1. e4 c5 2. Nf3 Nc6 3. d4 cxd4 4. Nxd4 Nf6 5. Nc3 e5 6. Nf5 d6 7. Ne3 Be6 8.
Be2 a6 9. O-O Be7 10. Kh1 O-O 11. Ned5 Re8 12. Be3 Bf8 13. Bb6 Qd7 14. Nxf6+
gxf6 15. Nd5 Bg7 16. Nc7 Rac8 17. Nxe8 Rxe8 18. Qd2 h6 19. Be3 Kh7 20. Rad1 Bf8
21. a3 b5 22. f4 Bg4 23. f5 Bxe2 24. Qxe2 Ne7 25. Qd2 Qc6 26. Qd3 Rd8 27. Bc1
Nc8 28. c3 Qc4 29. Qxc4 bxc4 30. Rf3 Nb6 31. Rh3 d5 32. exd5 Nxd5 33. Rh4 Bg7
34. Rxc4 Rd7 35. Rc5 Nb6 36. Rxd7 Nxd7 37. Rc7 Nb6 38. Rxf7 Kg8 39. Rb7 Na4 40.
Rb8+ Kh7 41. Rb4 Nc5 42. Be3 Nd3 43. Rb7 Kg8 44. c4 e4 45. Kg1 Ne5 46. c5 Kf8
47. Rb4 Nd3 48. Rxe4 Nxb2 49. c6 Kg8 50. c7 Kh7 51. c8=Q Nd1 52. Qc7 Nb2 53.
Re7 Kh8 54. Rxg7 Nd1 55. Rh7+ Kg8 56. Qg7# 1-0

[Event "Quebec op U1400"]
[Site "Laval CAN"]
[Date "2022.09.02"]
[Round "3.78"]
[White "Ivanov, Yuan Maksin"]
[Black "Soskic, Milan"]
[Result "1-0"]
[WhiteElo "1020"]
[BlackElo "1306"]
[PlyCount "111"]
[EventDate "2022.09.01"]
[EventType "swiss"]
[EventRounds "9"]
[EventCountry "CAN"]

1. e4 c5 2. Nf3 d6 3. d4 cxd4 4. Nxd4 a6 5. Nc3 Nf6 6. Bc4 e6 7. Be3 b5 8. Bd3
Bb7 9. f3 g6 10. Qd2 Bg7 11. a3 Nbd7 12. Nde2 Rc8 13. Ng3 O-O 14. h4 h5 15.
O-O-O Qa5 16. Bh6 Rxc3 17. Bxg7 Kxg7 18. Qxc3 Qxc3 19. bxc3 Rc8 20. Kb2 e5 21.
Be2 Ne8 22. Nf1 Nc5 23. c4 Na4+ 24. Kb3 Nc5+ 25. Ka2 Na4 26. Kb3 Nc5+ 27. Kb4
a5+ 28. Kxa5 Ra8+ 29. Kb4 Ra4+ 30. Kc3 Ra8 31. cxb5 Na4+ 32. Kb3 Nc5+ 33. Ka2
Bc8 34. Ne3 Be6+ 35. Bc4 Ra4 36. Bxe6 fxe6 37. b6 Nb7 38. c4 Nc5 39. Rb1 Nb7
40. Rhd1 Ra8 41. Rb4 Kf7 42. a4 Ke7 43. g4 Nf6 44. g5 Nd7 45. Ka3 Ndc5 46. Nc2
Kd7 47. Na1 Rf8 48. Nb3 Rxf3 49. Ka2 Nxe4 50. Rc1 Rf2+ 51. Kb1 Nd2+ 52. Nxd2
Rxd2 53. a5 Nc5 54. b7 Na6 55. b8=Q Nxb8 56. Rxb8 1-0

[Event "Quebec op U1400"]
[Site "Laval CAN"]
[Date "2022.09.02"]
[Round "3.79"]
[White "Imbeault, Marc"]
[Black "Maurice, Mathieu"]
[Result "0-1"]
[WhiteElo "1226"]
[BlackElo "1287"]
[PlyCount "66"]
[EventDate "2022.09.01"]
[EventType "swiss"]
[EventRounds "9"]
[EventCountry "CAN"]

1. e4 c5 2. Nf3 e6 3. d3 Nc6 4. Nbd2 Nf6 5. g3 d5 6. Bg2 Be7 7. O-O d4 8. Re1
e5 9. Nc4 Qc7 10. Bg5 Bg4 11. h3 Be6 12. Ncd2 h6 13. Bxf6 gxf6 14. Nh4 Qd7 15.
Kh2 O-O-O 16. Qh5 Rdg8 17. Nf5 Rg5 18. Nxe7+ Nxe7 19. Qf3 Rg6 20. a4 Nc6 21. c3
Rhg8 22. Rac1 Kb8 23. Qd1 Rc8 24. Nb3 b6 25. c4 Nb4 26. Qd2 Qxa4 27. Nxc5 bxc5
28. b3 Qa2 29. Qd1 Qxf2 30. Re2 Qxg3+ 31. Kh1 Bxh3 32. Bxh3 Qxh3+ 33. Rh2 Qxd3
0-1

[Event "Quebec op U1400"]
[Site "Laval CAN"]
[Date "2022.09.02"]
[Round "3.80"]
[White "Poulin, Roxane"]
[Black "Mickelson, Jonah"]
[Result "0-1"]
[WhiteElo "1276"]
[BlackElo "1160"]
[PlyCount "100"]
[EventDate "2022.09.01"]
[EventType "swiss"]
[EventRounds "9"]
[EventCountry "CAN"]

1. e4 e6 2. Nc3 d5 3. d4 Nf6 4. Bg5 Be7 5. exd5 exd5 6. Nf3 O-O 7. Be2 c6 8.
O-O Be6 9. a3 Nbd7 10. b4 Qc7 11. Qd3 Bd6 12. h3 h6 13. Bxf6 Nxf6 14. Qe3 Rfe8
15. Ne5 Bf5 16. f4 Bxc2 17. Qg3 Ne4 18. Nxe4 Bxe4 19. Rae1 Bxe5 20. fxe5 Re7
21. Rf4 Qb6 22. Rd1 Rxe5 23. Rxf7 Rg5 24. Qc7 Qxc7 25. Rxc7 Rxg2+ 26. Kf1 Rf8+
27. Ke1 Rf7 28. Rc8+ Kh7 29. b5 Rg1+ 30. Kd2 Rxd1+ 31. Kxd1 Bf5 32. Ra8 cxb5
33. Rxa7 Bxh3 34. Bxb5 Kg8 35. a4 g5 36. Ra8+ Kg7 37. Re8 Bd7 38. Bxd7 Rxd7 39.
a5 Kg6 40. Re6+ Kg7 41. Ke2 h5 42. Kf3 Rf7+ 43. Kg3 Rd7 44. Re5 Kf6 45. Re8 Re7
46. Rf8+ Ke6 47. Rh8 Kf5 48. Rxh5 Ke4 49. Rxg5 Kxd4 50. Rg4+ Kc3 0-1

[Event "Quebec op U1400"]
[Site "Laval CAN"]
[Date "2022.09.02"]
[Round "3.81"]
[White "Chira, Dan"]
[Black "Chanot, Frederic"]
[Result "1-0"]
[WhiteElo "1398"]
[BlackElo "1205"]
[PlyCount "80"]
[EventDate "2022.09.01"]
[EventType "swiss"]
[EventRounds "9"]
[EventCountry "CAN"]

1. d4 d5 2. c4 c6 3. Nf3 Nf6 4. Nc3 Nbd7 5. Bf4 g6 6. cxd5 Nxd5 7. Nxd5 cxd5 8.
Qc2 Nf6 9. e3 a6 10. Bd3 Bg7 11. Bc7 Qd7 12. Ne5 Qe6 13. O-O O-O 14. f4 Bd7 15.
f5 gxf5 16. Bxf5 Qxf5 17. Rxf5 Bxf5 18. Qxf5 Rac8 19. Ba5 e6 20. Qd3 Ne4 21.
Nd7 Rfe8 22. Bc3 Rc6 23. Ne5 Rc7 24. Ba5 Rcc8 25. Rf1 f6 26. Ng4 f5 27. Nf2 Nd6
28. b3 Rc6 29. Bb4 Nf7 30. a4 Rec8 31. a5 Bf8 32. Bxf8 Kxf8 33. Qd2 Rc2 34.
Qb4+ Kg7 35. Qxb7 R8c3 36. Nd1 Rd3 37. Qb8 Rc1 38. Nb2 Rxf1+ 39. Kxf1 Rxe3 40.
Kf2 Rd3 1-0

[Event "Quebec op U1400"]
[Site "Laval CAN"]
[Date "2022.09.02"]
[Round "3.82"]
[White "Chairez Miranda, Hector Jesus"]
[Black "Gurevitch, Benjamin"]
[Result "0-1"]
[WhiteElo "1270"]
[BlackElo "1325"]
[PlyCount "82"]
[EventDate "2022.09.01"]
[EventType "swiss"]
[EventRounds "9"]
[EventCountry "CAN"]

1. d4 d5 2. e3 Bf5 3. g3 e6 4. Bg2 Nf6 5. b3 c5 6. Bb2 Nc6 7. Nf3 Nb4 8. O-O
Nxc2 9. Nh4 Nxa1 10. Bxa1 Be4 11. Nf3 Be7 12. Nbd2 O-O 13. Qc1 Rc8 14. Qb2 b5
15. dxc5 Bxf3 16. Bxf3 Rxc5 17. Rd1 Qc7 18. Qb1 Rc8 19. Bb2 a5 20. a3 Nd7 21.
a4 b4 22. e4 Bf6 23. exd5 exd5 24. Bg4 Bxb2 25. Qxb2 Rd8 26. Nf3 Nf6 27. Bf5
Re8 28. Bd3 Rc8 29. Kg2 Ne4 30. Nh4 Rc3 31. f3 Nc5 32. Bf5 Rd8 33. Bc2 d4 34.
Qb1 d3 35. Bxd3 Nxd3 36. Rd2 Nf4+ 37. gxf4 Rxd2+ 38. Kg3 Rcc2 39. Qe1 Qd8 40.
Qe5 Rxh2 41. Nf5 Rcg2# 0-1

[Event "Quebec op U1400"]
[Site "Laval CAN"]
[Date "2022.09.02"]
[Round "3.83"]
[White "Couture, Francois"]
[Black "Fallet, Maurice"]
[Result "0-1"]
[WhiteElo "1246"]
[BlackElo "1224"]
[PlyCount "114"]
[EventDate "2022.09.01"]
[EventType "swiss"]
[EventRounds "9"]
[EventCountry "CAN"]

1. d4 Nf6 2. c4 e6 3. Nf3 d5 4. a3 Be7 5. Nc3 O-O 6. e3 Nbd7 7. Bd3 b6 8. O-O
Bb7 9. cxd5 Nxd5 10. Nxd5 Bxd5 11. Re1 Re8 12. e4 Bb7 13. Bf4 Nf6 14. Rc1 Rc8
15. Qe2 g6 16. Ba6 Bxa6 17. Qxa6 Bf8 18. Qxa7 Re7 19. Qa4 Rd7 20. Rcd1 Nh5 21.
Ne5 Nxf4 22. Qxd7 Qxd7 23. Nxd7 Bg7 24. Re3 Rd8 25. g3 Nh5 26. g4 Nf4 27. Rf3
g5 28. Nxb6 cxb6 29. e5 Rxd4 30. Re1 Bxe5 31. h4 Bf6 32. hxg5 Bxg5 33. Rb3 Rd6
34. f3 Bf6 35. Rb5 Kg7 36. b4 Rd3 37. a4 Nd5 38. Kg2 Bc3 39. Rb1 Rd2+ 40. Kg3
Rd4 41. a5 bxa5 42. bxa5 Ra4 43. Rf1 Rxa5 44. Rxa5 Bxa5 45. Rd1 Bc7+ 46. Kh4
Kg6 47. Re1 Bf4 48. Rg1 Bg5+ 49. Kg3 Kf6 50. Re1 Bf4+ 51. Kh4 Kg6 52. Rg1 h6
53. Re1 e5 54. Rg1 Nb6 55. Rd1 Nc4 56. Kh3 Kg5 57. Kg2 Ne3+ 0-1

[Event "Quebec op U1400"]
[Site "Laval CAN"]
[Date "2022.09.03"]
[Round "4.74"]
[White "Rauch, Damian"]
[Black "Guillemette, Thomas"]
[Result "0-1"]
[WhiteElo "1344"]
[BlackElo "1307"]
[PlyCount "102"]
[EventDate "2022.09.01"]
[EventType "swiss"]
[EventRounds "9"]
[EventCountry "CAN"]

1. e4 c5 2. c3 d6 3. d4 cxd4 4. cxd4 Nf6 5. Nc3 g6 6. f4 Bg7 7. Nf3 Nc6 8. d5
Nb8 9. Bd3 Bg4 10. O-O Nbd7 11. h3 Bxf3 12. Qxf3 O-O 13. Be3 Rc8 14. Rac1 Nc5
15. Bxc5 Rxc5 16. Qe3 Qc7 17. Nb5 Qb6 18. Rxc5 Nd7 19. b4 dxc5 20. bxc5 Nxc5
21. Kh1 Nxd3 22. Qxd3 Rc8 23. e5 a6 24. Nd4 Qa5 25. Qb3 Qc7 26. Nf3 Qc4 27.
Qxc4 Rxc4 28. d6 exd6 29. exd6 Rxf4 30. d7 Bf6 31. Re1 Ra4 32. g4 h6 33. Re2
Rf4 34. Kg2 Kg7 35. Kg3 Ra4 36. h4 Ra5 37. g5 hxg5 38. hxg5 Bd8 39. Re8 Bc7+
40. Kh3 Rd5 41. Re7 Bd8 42. Re4 Rxd7 43. Kg4 Bc7 44. Rb4 b5 45. a4 Ba5 46. Re4
b4 47. Ne5 Re7 48. Kf4 Bc7 49. Rxb4 Bxe5+ 50. Kg4 Ra7 51. Kf3 Rd7 0-1

[Event "Quebec op U1400"]
[Site "Laval CAN"]
[Date "2022.09.03"]
[Round "4.75"]
[White "Maurice, Mathieu"]
[Black "Laramee-Lamoureux, Mickael"]
[Result "1-0"]
[WhiteElo "1287"]
[BlackElo "1374"]
[PlyCount "55"]
[EventDate "2022.09.01"]
[EventType "swiss"]
[EventRounds "9"]
[EventCountry "CAN"]

1. Nf3 c6 2. c4 Nf6 3. Nc3 d5 4. d4 Bf5 5. cxd5 Nxd5 6. Nxd5 cxd5 7. Qb3 b6 8.
e3 a6 9. Ne5 h5 10. Bd2 e6 11. Rc1 Bd6 12. Be2 Bxe5 13. dxe5 Nd7 14. Rc6 Rc8
15. Rd6 b5 16. Bc3 Qg5 17. Bf3 Bg4 18. Rxa6 Bxf3 19. gxf3 Qg2 20. Rf1 Nxe5 21.
Qxb5+ Kf8 22. Bxe5 Rc1+ 23. Kd2 Rc8 24. Qe2 Qg6 25. Rc1 Rd8 26. Rd6 Rb8 27. Qa6
Qg2 28. Rc8+ 1-0

[Event "Quebec op U1400"]
[Site "Laval CAN"]
[Date "2022.09.03"]
[Round "4.76"]
[White "Khatchikian, Eva"]
[Black "Adam, Sebastien"]
[Result "1-0"]
[WhiteElo "1214"]
[BlackElo "1322"]
[PlyCount "81"]
[EventDate "2022.09.01"]
[EventType "swiss"]
[EventRounds "9"]
[EventCountry "CAN"]

1. e4 c6 2. d4 d5 3. e5 Bf5 4. Nf3 e6 5. c4 dxc4 6. Bxc4 Ne7 7. Nc3 h6 8. O-O
Nd7 9. a4 Nb6 10. Bb3 Rc8 11. Re1 Ned5 12. a5 Nxc3 13. bxc3 Nd5 14. c4 Nc3 15.
Qd2 Bb4 16. Qb2 Ne4 17. Re3 Bxa5 18. Bc2 Bc3 19. Rxc3 Nxc3 20. Qxc3 Bxc2 21.
Qxc2 a6 22. Qb3 Rc7 23. Bd2 Qa8 24. Bb4 f6 25. Bd6 Rd7 26. Qe3 Kf7 27. Qe4 b5
28. Rc1 f5 29. Qh4 a5 30. cxb5 cxb5 31. Rc5 Rc8 32. Qh5+ Kg8 33. Qg6 Re8 34.
Rxb5 Rxd6 35. exd6 Qc6 36. Rc5 Qa4 37. h3 Qa1+ 38. Kh2 Qa4 39. Rxa5 Qd7 40. Ne5
Qd8 41. Ra7 1-0

[Event "Quebec op U1400"]
[Site "Laval CAN"]
[Date "2022.09.03"]
[Round "4.77"]
[White "Mickelson, Jonah"]
[Black "Cloutier, Stephane"]
[Result "1/2-1/2"]
[WhiteElo "1160"]
[BlackElo "1319"]
[PlyCount "113"]
[EventDate "2022.09.01"]
[EventType "swiss"]
[EventRounds "9"]
[EventCountry "CAN"]

1. e4 e5 2. Nf3 Nc6 3. d4 exd4 4. Nxd4 d6 5. Nxc6 bxc6 6. Nc3 Be6 7. Ba6 Bc8 8.
Bxc8 Qxc8 9. O-O Nf6 10. Re1 Nd7 11. Bf4 Be7 12. e5 d5 13. e6 Nf6 14. exf7+
Kxf7 15. Bg5 Re8 16. Bxf6 Bxf6 17. Qd3 Kg8 18. Kf1 Qb7 19. Rab1 Rab8 20. Na4
Be7 21. b3 Qb5 22. Rbd1 Bd6 23. Rxe8+ Rxe8 24. g3 Qxd3+ 25. Rxd3 Bb4 26. c3 Bf8
27. Rd2 Kf7 28. Re2 Rxe2 29. Kxe2 Ke6 30. h3 Kd6 31. f4 c5 32. Kd3 Be7 33. c4
c6 34. Nb2 Bf6 35. Nd1 Bd4 36. Ne3 Bxe3 37. Kxe3 d4+ 38. Ke4 a5 39. g4 Ke6 40.
h4 Kf7 41. Kd3 h6 42. Ke4 Kf6 43. Kd3 g6 44. Ke4 Ke6 45. f5+ Kf6 46. fxg6 Kxg6
47. Kf3 Kf6 48. Ke4 Ke6 49. g5 hxg5 50. hxg5 Kf7 51. Kf4 Kg6 52. Kg4 Kg7 53.
Kf3 Kf7 54. Kf4 Ke7 55. Kf3 Kf8 56. Kg4 Kf7 57. Kf4 1/2-1/2

[Event "Quebec op U1400"]
[Site "Laval CAN"]
[Date "2022.09.03"]
[Round "4.78"]
[White "Ivanov, Yuan Maksin"]
[Black "Chira, Dan"]
[Result "1/2-1/2"]
[WhiteElo "1020"]
[BlackElo "1398"]
[PlyCount "76"]
[EventDate "2022.09.01"]
[EventType "swiss"]
[EventRounds "9"]
[EventCountry "CAN"]

1. e4 d5 2. exd5 Nf6 3. Nc3 Nxd5 4. d4 a6 5. Nf3 Nc6 6. Bc4 e6 7. O-O Nxc3 8.
bxc3 b5 9. Bb3 Na5 10. Ne5 Qf6 11. f4 Nxb3 12. cxb3 Bb7 13. Qg4 g6 14. Qg3 Qf5
15. Qg4 Bd6 16. Qxf5 gxf5 17. Be3 Rg8 18. Nf3 Ke7 19. c4 c6 20. c5 Bc7 21. b4
a5 22. a3 axb4 23. axb4 Rxa1 24. Rxa1 Ra8 25. Rxa8 Bxa8 26. h4 h6 27. Kf2 Bb7
28. h5 Bc8 29. Ne5 Bd7 30. g4 Bxe5 31. fxe5 fxg4 32. Bxh6 f5 33. exf6+ Kxf6 34.
Kg3 Kf5 35. Bg7 Be8 36. h6 Bg6 37. Kh4 Bh7 38. Be5 Bg6 1/2-1/2

[Event "Quebec op U1400"]
[Site "Laval CAN"]
[Date "2022.09.03"]
[Round "4.79"]
[White "Gurevitch, Benjamin"]
[Black "Fakhany, Fahrid-Michel"]
[Result "0-1"]
[WhiteElo "1325"]
[BlackElo "1240"]
[PlyCount "113"]
[EventDate "2022.09.01"]
[EventType "swiss"]
[EventRounds "9"]
[EventCountry "CAN"]

1. e4 Nc6 2. d4 e5 3. d5 Nce7 4. Nc3 Ng6 5. Nf3 Nf6 6. Be3 Bb4 7. Bd2 O-O 8.
Bd3 d6 9. h3 Bd7 10. O-O h6 11. a3 Bxc3 12. Bxc3 Nh7 13. Bd2 f5 14. exf5 Bxf5
15. Bxf5 Rxf5 16. Qe2 Qd7 17. Qd3 Raf8 18. Rfe1 Nf6 19. Qb3 b6 20. Re3 Qf7 21.
Rae1 Nh5 22. Rc3 Ngf4 23. Qc4 Nxh3+ 24. gxh3 Rxf3 25. Qxc7 Rxf2 26. Qxf7+ R8xf7
27. Rc8+ Kh7 28. Bb4 R2f6 29. Rd8 Nf4 30. Rxd6 a5 31. Rxf6 gxf6 32. Bd2 Nxh3+
33. Kg2 Ng5 34. c4 a4 35. Be3 Re7 36. Rd1 Ne4 37. d6 Rd7 38. Bxb6 Rxd6 39. Rxd6
Nxd6 40. c5 Nc8 41. Kf3 Kg6 42. Bc7 Kf5 43. Kg3 Ke4 44. Kh4 f5 45. Kg3 h5 46.
Bd8 Kd3 47. Kf3 e4+ 48. Kf4 e3 49. Kxf5 e2 50. Bh4 Kc4 51. c6 Ne7+ 52. Bxe7
e1=Q 53. c7 Qf2+ 54. Ke6 Qb6+ 55. Kd7 Qb5+ 56. Kd8 Qd5+ 57. Bd6 0-1

[Event "Quebec op U1400"]
[Site "Laval CAN"]
[Date "2022.09.03"]
[Round "4.80"]
[White "Normand, Louis"]
[Black "Viel, Julie-Maude"]
[Result "1-0"]
[WhiteElo "1271"]
[BlackElo "1296"]
[PlyCount "87"]
[EventDate "2022.09.01"]
[EventType "swiss"]
[EventRounds "9"]
[EventCountry "CAN"]

1. d4 d5 2. Nf3 Nf6 3. e3 c5 4. c3 Nc6 5. Bd3 e6 6. O-O c4 7. Bc2 Bd6 8. Nbd2
Bc7 9. Qe2 Qd6 10. e4 Qe7 11. b3 b5 12. bxc4 dxc4 13. Re1 Nd8 14. a4 Bd7 15.
Ba3 Bd6 16. Bxd6 Qxd6 17. e5 Qe7 18. exf6 Qxf6 19. Ne5 Qe7 20. axb5 Bxb5 21.
Reb1 a6 22. Rxb5 O-O 23. Rba5 f6 24. Bxh7+ Kxh7 25. Qh5+ Kg8 26. Ng6 Qe8 27.
Qh8+ Kf7 28. Qxf8+ Qxf8 29. Nxf8 Kxf8 30. Rxa6 Rxa6 31. Rxa6 Kf7 32. Nxc4 Kg6
33. Ra5 Nc6 34. Rc5 Ne7 35. g4 Kf7 36. Rc7 Kf8 37. Nd6 g6 38. c4 f5 39. gxf5
gxf5 40. h4 Ng6 41. h5 Nh8 42. h6 Kg8 43. c5 Ng6 44. Rg7+ 1-0